| 000 | 01783cam a2200349 i 4500 | ||
|---|---|---|---|
| 001 | 6348 | ||
| 003 | FISKH | ||
| 005 | 20250423110149.0 | ||
| 008 | 150609r20132003nyua j 001 0 eng | ||
| 010 | _a 2015413167 | ||
| 020 | _a9781435150928 (hardback) | ||
| 020 | _a9781842368794 | ||
| 040 |
_aDLC _beng _erda _cDLC _dDLC |
||
| 050 | _aT48.B785 | ||
| 082 | _a609 | ||
| 100 | 1 |
_aBrewer, Duncan, _d1938- |
|
| 245 | 1 | 0 |
_a100 facts inventions / _cDuncan Brewer ; consultants, Barbara Taylor and Steve Parker. |
| 260 |
_aSan Diego : _bMiles Kelly, _c2003 |
||
| 300 |
_a48 pages : _bcolor illustrations ; _c30 cm. |
||
| 336 |
_atext _btxt _2rdacontent |
||
| 337 |
_aunmediated _bn _2rdamedia |
||
| 338 |
_avolume _bnc _2rdacarrier |
||
| 500 | _aIncludes index. | ||
| 500 | _aPreviously publised as: 100 things you should know about inventions. 2003. | ||
| 505 | 0 | _aIn the beginning -- The first inventions -- Making fire -- New ways of moving -- On the farm -- Under attack! -- From stone to metal -- Boats and sails -- Wonderful clay -- Sailing into the unknown -- Weapons of war -- Measuring time -- Harvesting nature's energy -- Marks on a page -- Making things bigger -- Making music -- Keeping in touch -- Taking to the skies -- Keeping a record -- Round the house -- From Earth into space. | |
| 520 | _aCollects one hundred facts about inventions, describing inventors and inventions that have improved aspects of warfare, agriculture, and life for man since the Stone Age. Includes illustrations, cartoons, quizzes, and activities. | ||
| 650 | 0 |
_aInventions _vMiscellanea _vJuvenile literature. |
|
| 650 | 0 |
_aTechnological innovations _vMiscellanea _vJuvenile literature. |
|
| 906 |
_a7 _bcbc _corignew _d2 _encip _f20 _gy-gencatlg |
||
| 942 |
_2ddc _cBK _n0 |
||
| 999 |
_c6348 _d6348 |
||